Soil properties : testing, measurement, and evaluation
Updated with considerable new and basic material, this fundamental geotechnical (soils) manual provides the reader with the basic theory of soil engineering and over 19 validated accepted experiments commonly used in engineering practice to evaluate properties of soils. This second edition includes...
保存先:
| 第一著者: | |
|---|---|
| フォーマット: | 図書 |
| 言語: | Undetermined |
| 出版事項: |
Englewood Cliffs, N.J.
Prentice Hall
1990
|
| 主題: | |
| タグ: |
タグ追加
タグなし, このレコードへの初めてのタグを付けませんか!
|
| Thư viện lưu trữ: | Trung tâm Học liệu Trường Đại học Cần Thơ |
|---|
| LEADER | 01081nam a2200217Ia 4500 | ||
|---|---|---|---|
| 001 | CTU_142603 | ||
| 008 | 210402s9999 xx 000 0 und d | ||
| 082 | |a 624.15136 | ||
| 082 | |b L783 | ||
| 100 | |a Liu, Cheng | ||
| 245 | 0 | |a Soil properties : | |
| 245 | 0 | |b testing, measurement, and evaluation | |
| 245 | 0 | |c Cheng Liu, Jack B. Evett. | |
| 260 | |a Englewood Cliffs, N.J. | ||
| 260 | |b Prentice Hall | ||
| 260 | |c 1990 | ||
| 520 | |a Updated with considerable new and basic material, this fundamental geotechnical (soils) manual provides the reader with the basic theory of soil engineering and over 19 validated accepted experiments commonly used in engineering practice to evaluate properties of soils. This second edition includes new chapters on the description and identification of soils, and the microwave oven technique of determining soil moisture content. Coverage of consolidated undrained testing is also revised and updated. | ||
| 650 | |a Soil mechanics,Soils | ||
| 650 | |x Testing | ||
| 904 | |i Năm | ||
| 980 | |a Trung tâm Học liệu Trường Đại học Cần Thơ | ||